SAT Words HARD Click Quiz - L - Statistics

General Stats
  • This quiz has been taken 314 times
  • The average score is 8 of 15
Answer Stats
Hint Answer % Correct
Monstrously large; behemoth Leviathan
85%
Prone to engage in lawsuits Litigious
85%
Repetitive prayer; or, sizeable list or series Litany
77%
Dominant, recurring idea or theme Leitmotif
73%
Sensational in a grotesque or shocking way Lurid
65%
To the point; brief Laconic
60%
Having straight hair Lissotrichous
51%
Sleight of hand Legerdemain
46%
Readily changing Labile
44%
Softly glowing or flickering Lambent
38%
Small gift given to a customer at time of purchase Lagniappe
34%
Intense, late night study or work Lucubration
34%
Relating to play; recreational Ludic
34%
Transparent; or, clear and straightforward Limpid
32%
Delineate in drawing or in words Limn
29%
No matching quizzes found
Score Distribution
Percent of People with Each Score
Percentile by Number Answered
Your Score History
You have not taken this quiz